| 000 | 00423nam a2200181Ia 4500 | ||
|---|---|---|---|
| 001 | 5245 | ||
| 005 | 20260306145854.0 | ||
| 008 | 260306t2003||||xx |||||||||||||| ||spa|| | ||
| 041 | _aESP | ||
| 082 |
_a338.4791 _bE96 |
||
| 100 |
_aEvans, Nigel _eAUT |
||
| 245 | 0 | _aGestión estratégica del turismo | |
| 260 | _c2003 | ||
| 300 |
_a479 páginas : _c24 cm. |
||
| 650 | _aGEN | ||
| 654 | _aCAN | ||
| 942 |
_cLIB _dJUS _fJUS _2ddc _n |
||
| 999 |
_c5245 _d5245 |
||